| 000 | 00341 a2200109 4500 | ||
|---|---|---|---|
| 001 | ART_44292 | ||
| 005 | 20260410161938.0 | ||
| 008 | 260409a | ||
| 245 | 1 | 0 | _aDeficits, inflation, and monetary policy |
| 100 | 1 | _aWray, L. Randall | |
| 773 | 0 |
_tJournal of post Keynesian economics _g- Vol. 19, NÂș 4 (jun. 1997) _wREV26226 |
|
| 999 |
_c29236 _d29236 |
||